| 000 | 00897nam a2200229 i 4500 | ||
|---|---|---|---|
| 001 | 167457 | ||
| 003 | ES-MaACL | ||
| 005 | 20231206063251.0 | ||
| 008 | 990406s1873 sp |||| | spa d | ||
| 080 | _a355.21(460) | ||
| 100 | 1 |
_aVidart, Luis, _d1833-1897 _9114538 |
|
| 245 | 1 | 0 |
_aArmamento nacional : _bconsideraciones acerca del organismo de la fuerza pública / _cpor D. Luis Vidart. |
| 250 | _a2ª ed., corr. y aum. | ||
| 260 |
_aMadrid : _b[s.n.], _c1873 ( _fImp. de Pedro Abienzo) |
||
| 300 |
_a59 p. ; _c23 cm. |
||
| 504 | _aBibliografía: p. [57]-59. | ||
| 530 | _aDisponible en formato digital. | ||
| 650 | 4 |
_aReclutamiento y alistamiento- _zEspaña. _9171605 |
|
| 852 | 4 |
_aES-MaACL _jT-155-F-3 _z- Enc. hol. _z- Enc. en un vol. facticio |
|
| 856 | 4 |
_uhttp://bdh-rd.bne.es/viewer.vm?id=0000255782&page=1 _zBiblioteca Digital Hispánica |
|
| 999 |
_c167457 _d167457 |
||